[Event "Galego-ch U18"]
[Site "Ferrol"]
[Date "2018.02.11"]
[Round "3"]
[White "Gonzalez Eiris, Daniel"]
[Black "Gomez Carreno, Martin"]
[Result "0-1"]
[WhiteElo "1941"]
[BlackElo "2055"]
[PlyCount "106"]
[EventDate "2018.02.10"]
[EventType "swiss"]
[EventRounds "8"]
[EventCountry "ESP"]
[SourceTitle "EXT 2024"]
[Source "ChessBase"]
[SourceDate "2023.10.10"]
[SourceVersion "1"]
[SourceVersionDate "2023.10.10"]
[SourceQuality "1"]

1. e4 c5 2. Nf3 Nc6 3. Bb5 e6 4. 0-0 g6 5. Re1 Nge7 6. c3 Bg7 7. e5 0-0 8. d4 cxd4 9. cxd4 d6 10. Bg5 Qb6 11. Nc3 d5 12. Bxc6 Nxc6 13. Qd2 Bd7 14. Na4 Qb4 15. Nc5 Qxd2 16. Bxd2 Bc8 17. b4 b6 18. Na4 Ba6 19. Nb2 Rfc8 20. a4 Bc4 21. Rec1 Ne7 22. Bg5 Bf8 23. Nxc4 Rxc4 24. Rxc4 dxc4 25. Rc1 Rc8 26. Bxe7 Bxe7 27. b5 c3 28. Rc2 Rc4 29. Kf1 Ba3 30. Ne1 Bb2 31. Nd3 Ba1 32. Ra2 Rxd4 33. Rxa1 Rxd3 34. Rc1 Rd4 35. a5 bxa5 36. Rxc3 Rd5 37. f4 Rxb5 38. Rc7 g5 39. g3 gxf4 40. gxf4 Rb4 41. Rxa7 Rxf4+ 42. Kg2 Ra4 43. Kg3 Kg7 44. Kh3 Ra1 45. Kh4 a4 46. Kh5 a3 47. Ra4 a2 48. h4 Re1 49. Rxa2 Rxe5+ 50. Kg4 h5+ 51. Kf4 Rb5 52. Rg2+ Kf6 53. Rf2 Rf5+ 0-1

[Event "ESP-chT Regional U14"]
[Site "Padron"]
[Date "2017.06.24"]
[Round "5.1"]
[White "Sainz Allo, Javier"]
[Black "Gomez Carreno, Martin"]
[Result "0-1"]
[WhiteElo "1369"]
[BlackElo "2051"]
[PlyCount "74"]
[EventDate "2017.06.22"]
[EventType "team"]
[EventRounds "6"]
[EventCountry "ESP"]
[SourceTitle "EXT 2018"]
[Source "ChessBase"]
[SourceDate "2017.10.13"]
[SourceVersion "1"]
[SourceVersionDate "2017.10.13"]
[SourceQuality "1"]
[WhiteTeam "La Rioja (U14)"]
[BlackTeam "Galicia (U14)"]
[WhiteTeamCountry "ESP"]
[BlackTeamCountry "ESP"]

1. e4 c5 2. Nf3 Nc6 3. d4 cxd4 4. Nxd4 Nf6 5. Nc3 e5 6. Nb3 Bb4 7. f3 d5 8. exd5 Nxd5 9. Bd2 Bf5 10. Bb5 Bxc3 11. Bxc6+ bxc6 12. Bxc3 0-0 13. Qd2 Nxc3 14. Qxc3 Qg5 15. Qd2 Qxd2+ 16. Kxd2 Rad8+ 17. Kc3 Rd5 18. Rad1 Rfd8 19. Rde1 f6 20. Rhf1 Bg6 21. f4 e4 22. g4 f5 23. g5 Bf7 24. Rf2 Rb5 25. Re3 a5 26. Rd2 Bd5 27. a4 Rb4 28. Rd4 Rbb8 29. Nxa5 c5 30. Rd2 Ra8 31. Nb3 Rxa4 32. Rd1 g6 33. Ra1 Bxb3 34. Rxa4 Bxa4 35. b3 Bb5 36. h4 Rd1 37. Kb2 Rf1 0-1

[Event "Gallego-ch U14"]
[Site "Viveiro"]
[Date "2017.02.26"]
[Round "3"]
[White "Gomez Carreno, Martin"]
[Black "Bringas Gomez, Artai"]
[Result "0-1"]
[WhiteElo "1091"]
[BlackElo "1668"]
[PlyCount "95"]
[EventDate "2017.02.25"]
[EventType "swiss"]
[EventRounds "8"]
[EventCountry "ESP"]
[SourceTitle "EXT 2024"]
[Source "ChessBase"]
[SourceDate "2023.10.10"]
[SourceVersion "1"]
[SourceVersionDate "2023.10.10"]
[SourceQuality "1"]

1. d4 e6 2. e4 d5 3. e5 c5 4. dxc5 Nc6 5. Nf3 Bxc5 6. Bd3 Nge7 7. 0-0 0-0 8. Bxh7+ Kxh7 9. Ng5+ Kg6 10. Qd3+ Nf5 11. g4 f6 12. gxf5+ exf5 13. Nh3 fxe5 14. Qg3+ Kf7 15. Bg5 Qd6 16. Be3 Kg8 17. f4 e4 18. c3 Bxe3+ 19. Qxe3 d4 20. cxd4 Qxd4 21. Qxd4 Nxd4 22. Nc3 Be6 23. Ng5 Bc4 24. Rf2 Rfe8 25. Re1 e3 26. Rg2 e2 27. b3 Bd3 28. Nd5 Nc2 29. Nf3 Nxe1 30. Nxe1 Be4 31. Nf6+ Kh8 32. Nxe8 Bxg2 33. Nd6 Be4 34. Kf2 Kg8 35. Kxe2 Rd8 36. Nc4 Kf7 37. a4 Ke6 38. Ne5 Rh8 39. N1f3 Bxf3+ 40. Nxf3 Kd5 41. Kf2 Rh6 42. h4 Kc5 43. Kg3 Kb4 44. Nd4 g6 45. Ne6 Kxb3 46. Nc5+ Kb4 47. Nxb7 Kxa4 48. Nc5+ 0-1

[Event "Mondariz Balneario op 3rd"]
[Site "Mondariz Balneario"]
[Date "2016.08.20"]
[Round "4.3"]
[White "Fernandez Lopez, Alejandro I"]
[Black "Gomez Carreno, Martin"]
[Result "1/2-1/2"]
[WhiteElo "1914"]
[BlackElo "1867"]
[PlyCount "61"]
[EventDate "2016.08.17"]
[EventType "swiss"]
[EventRounds "9"]
[EventCountry "ESP"]
[SourceTitle "EXT 2024"]
[Source "ChessBase"]
[SourceDate "2023.10.10"]
[SourceVersion "1"]
[SourceVersionDate "2023.10.10"]
[SourceQuality "1"]

1. e4 Nc6 2. Nf3 d6 3. d4 Nf6 4. Nc3 Bg4 5. Be3 e6 6. h3 Bh5 7. d5 exd5 8. exd5 Ne5 9. g4 Bg6 10. Bb5+ Nfd7 11. Nxe5 dxe5 12. a3 a6 13. Ba4 Bd6 14. Qd2 Qe7 15. Bxd7+ Qxd7 16. 0-0-0 0-0-0 17. f3 f6 18. Ne4 Be7 19. Qc3 Kb8 20. Bf2 b6 21. Rd2 Qa4 22. Qe3 Qc4 23. Rhd1 Rd7 24. Kb1 Rhd8 25. b3 Qb5 26. a4 Qa5 27. d6 Bxd6 28. Nxd6 Rxd6 29. Rxd6 Rxd6 30. Rxd6 cxd6 31. Qxb6+ 1/2-1/2